Hermenéutica de la modernidad : (Record no. 136646)

MARC details
000 -CABECERA
campo de control de longitud fija 01136nam a2200325 a 4500
001 - NÚMERO DE CONTROL
campo de control 991039521989706706
003 - IDENTIFICADOR DEL NÚMERO DE CONTROL
campo de control ES-BaIT
005 - FECHA Y HORA DE LA ÚLTIMA TRANSACCIÓN
campo de control 20251006130530.0
008 - DATOS DE LONGITUD FIJA--INFORMACIÓN GENERAL
campo de control de longitud fija 060405s2004 sp a || 000 ||spa|c
017 ## - NÚMERO DE COPYRIGHT O DE DEPÓSITO LEGAL
Número de copyright o de depósito legal DL M-24371-2004
Agencia que asigna Oficina DL Madrid
020 ## - NÚMERO INTERNACIONAL ESTÁNDAR DEL LIBRO
Número Internacional Estándar del Libro 8481646741
035 ## - NÚMERO DE CONTROL DEL SISTEMA
Número de control de sistema (ES-BaCBU).b35113959
035 ## - NÚMERO DE CONTROL DEL SISTEMA
Número de control de sistema (OCoLC)803805799
040 ## - FUENTE DE LA CATALOGACIÓN
Centro catalogador/agencia de origen ES-BaCBU
Lengua de catalogación cat
Centro/agencia transcriptor ES-BaCBU
080 ## - NÚMERO DE LA CLASIFICACIÓN DECIMAL UNIVERSAL
Número de la Clasificación Decimal Universal 801.73
080 ## - NÚMERO DE LA CLASIFICACIÓN DECIMAL UNIVERSAL
Número de la Clasificación Decimal Universal 1
100 ## - ENTRADA PRINCIPAL--NOMBRE DE PERSONA
Nombre de persona Gadamer, Hans Georg,
Fechas asociadas al nombre 1900-2002
9 (RLIN) 107943
245 10 - MENCIÓN DE TÍTULO
Título Hermenéutica de la modernidad :
Resto del título conversaciones con Silvio Vietta /
Mención de responsabilidad, etc. Hans-Georg Gadamer ; traducción de Luciano Elizaincín-Arrarás
260 ## - PUBLICACIÓN, DISTRIBUCIÓN, ETC.
Lugar de publicación, distribución, etc. Madrid :
Nombre del editor, distribuidor, etc. Trotta,
Fecha de publicación, distribución, etc. cop. 2004
300 ## - DESCRIPCIÓN FÍSICA
Extensión 110 p.;
Dimensiones 20 cm
530 ## - NOTA DISPONIBLE DE FORMULARIO FÍSICO ADICIONAL
Nota de formato físico adicional disponible També disponible la versió en línia
650 07 - PUNTO DE ACCESO ADICIONAL DE MATERIA--TÉRMINO DE MATERIA
Término de materia o nombre geográfico como elemento de entrada Hermenèutica
Fuente del encabezamiento o término lemac
9 (RLIN) 57000
700 1# - ENTRADA AGREGADA--NOMBRE PERSONAL
Nombre de persona Vietta, Silvio
9 (RLIN) 167407
830 ## - PUNTO DE ACCESO ADICIONAL DE SERIE-TÍTULO UNIFORME
Título uniforme Mínima Trotta
9 (RLIN) 129045
856 41 - LOCALIZACIÓN Y ACCESO ELECTRÓNICOS
Nota pública Accés lliure
Identificador Uniforme del Recurso <a href="https://archive.org/details/hermeneutica-de-la-modernidad-hans-georg-gadamer">https://archive.org/details/hermeneutica-de-la-modernidad-hans-georg-gadamer</a>
907 ## - ELEMENTOS DE DATOS G LOCAL, LDG (RLIN)
a .b35113959
b 01-03-21
c 09-05-08
d 05-04-06
e m
f a
g -
h spa
i sp
j 0
k 2
908 ## - COLOCAR PARÁMETRO DE COMANDO (RLIN)
Colocar parámetro de comando UdG
-- URV
940 ## - EQUIVALENCIA O REFERENCIA-CRUZADA--TÍTULO UNIFORME [OBSOLETO] [solamente CAN/MARC]
Título uniforme <a href="UdG">UdG</a>
942 ## - ELEMENTOS DE ENTRADA AGREGADA (KOHA)
Fuente del sistema de clasificación o colocación Clasificación decimal universal
Tipo de ítem Koha Llibre
Holdings
Estado de retiro Estado de pérdida Fuente del sistema de clasificación o colocación Estado dañado No para préstamo Localización permanente Ubicación/localización actual Ubicación en estantería Fecha de adquisición Fuente de adquisición Total de préstamos Signatura topográfica completa Código de barras Fecha visto por última vez Precio válido a partir de Tipo de ítem Koha
    Clasificación decimal universal     Biblioteca Barcelona Biblioteca Barcelona BCN Lliure Accés 06/10/2025 Donatiu   1 GAD 1900089297 06/10/2025 06/10/2025 Llibre

Powered by Koha